01795naa a2200193 a 450000100080000000500110000800800410001910000180006024500520007826000090013052012720013965300160141165300150142765300190144265300180146165300270147970000160150677300790152210319472008-04-22 2004 bl uuuu u00u1 u #d1 aSALOME, J. A. aDiversidade da flora apicola de Santa Catarina. c2004 aAs plantas fontes de nectar e polen para as abelhas sao o ponto-chave de uma exploracao apicola. A caracterizacao da diversidade de especies apicolas determina a distribuicao das colmeias em diferentes regioes. Este trabalho foi realizado no periodo de 1998 a 2001 nas seis mesorregioes do Estado de Santa Catarina, em 27 municipios, envolvendo 578 apicultores, por meio de um levantamento de campo. A identificacao preliminar das especies de plantas apicolas foi realizada pelos apicultores e, posteriormente, as especies foram herborizadas e identificadas na UFSC. Na listagem de plantas apicolas, agrupadas por familias, aparece a familia Asteraceae como predominante (16 especies) , seguida pela familia Myrtaceae (nove especies), de um total de 70 especies coletadas. As plantas apicolas mais frequentes neste estudo estao em estagios sucessionais iniciais, podendo as formacoes secundarias, desta forma, ser utilizadas e manejadas para a apicultura. Os maiores indices de similaridade de Sorensen (IS) encontram-se entre municipios proximos geigraficamente e localizados na mesma mesorregiao, como Rio do Oeste e Vitor Meireles, com IS=0,75, Imbuia e Vidal Ramos, com IS = 0,84, Monte Castelo e Itaiopolis, com IS = 0,77, e Urubici e Sao Joaquim, com IS = 0,80. aApibotanica aApicultura aBiodivercidade aFlora apicola aIndice de similaridade1 aORTH, A. I. tAgropecuaria Catarinense, Florianopolisgv. 17, n. 2, p. 84-88, jul. 2004.